00411nam a2200145Ia 4500008004100000040001900041041001200060082002900072100002200101245005400123260004000177300002000217650001800237850001000255131103s9999 xx 000 0 und d aLoreto College aEnglish a891.433/BHAbLCLIB/41371 aBharati,Dharamvir aGunahon Ka DevtabHindi Novel cDharamvir Bharati aNew DelhibBharatiya Jnanpithc1999 a248 p. c 21cm. aHindi - Novel aLCLIB